000
00288nam a22001097a 4500
082
_a
920/GHO
100
_a
Ghose, Chandrachur
_9
84017
245
_a
Bose The Untold Story of An Inconvenient Nationalist
260
_a
Haryana
_b
Penguin Random House
_c
2022
650
_a
Biography
942
_c
BK
999
_c
69038
_d
69038